000 004700000a22001930004500
001 003711
003 MACL
005 20150915130634.0
008 150915b xxu||||| |||| 00| 0 eng d
040 _aMACL
_cMACL
041 _aEnglish
082 _a823/NAG
100 _aNagarkar, kiran
_910991
245 _aCuckold
_ckiran Nagarkar
260 _aNoida
_c1997
_bHarper Collings Publishers India,
350 _a250
650 _aFiction
_911088
942 _k823
_cBK
_2ddc
999 _c15605
_d15605